4 à la Suite #1 - "Qu'importe le flacon, pourvu qu'on ait l'ivresse" - Statistiques

Statistiques générales
  • Ce quiz a été pris 62 fois
  • Le résultat moyen est 4 sur 10
Statistiques - réponses
Valeur Question Réponse % Correct
1 Quel alcool, dont la production a longtemps été interdite en France, est surnommé la "fée verte" ? Absinthe
77%
1 Comment nomma-t-on la période, au début du vingtième siècle, où le gouvernement américain a interdit toute production et consommation d'alcool ? Prohibition
77%
2 En 1913, quel poète est à l'origine du recueil de poèmes "Alcools" ? Apollinaire, Guillaume
68%
2 Chaque année, lors de quel mois le beaujolais nouveau est-il commercialisé ? Novembre
57%
1 Quel alcool anisé est la boisson nationale grecque ? Ouzo
28%
2 Quel cocktail est le favori de James Bond ? Vodka-martini, Vodkatini, Dry Martini
28%
3 Quelle est la contenance, en litres ou en bouteilles, d'un Nabuchodonosor ? 15 litres, 20 bouteilles
26%
3 A partir de quelle quantité d’alcool par litre de sang la conduite en état d’ivresse devient-elle un délit ? 0,8 grammes
25%
4 Quel cocktail est composé de vodka, de curaçao bleu et de jus de citron ? Blue Lagoon
15%
4 Quel est l'ingrédient de base du Cointreau ? Ecorce d'orange
8%
Aucun quiz correspondant
Distribution des résultats
% des personnes avec chaque résultat
Percentile par nombre de réponses
Votre historique - résultats
Vous n’avez pas pris ce quiz